000 00447nam a2200157 i 4500
001 31581
003 ES-MaACL
005 20230906154417.0
007 t|
008 030129q19001999it ||||1| ita d
100 1 _aBeccari, Gilberto.
_926868
245 1 0 _aVita vergine
_b: (el romanzo del gran Chaco) /
_cGilberto Beccari.
260 _aFirenze :
_b[s.n.,
_c19--?] (
_fTip. Scolastica)
300 _a274 p. ;
_c19 cm.
852 _aES-MaACL
_jA-4037
999 _c31581
_d31581